000 00986nam a22002657a 4500
005 20101206113148.0
008 101206t xxu||||| |||| 00| 0 hin d
010 _aHIN-93299
020 _c28.00
_a9788179874875
035 _aHN-65645
037 _bDBAD/PUB
040 _aDPL
_bHN
082 _a822
100 _924598
_aजयशंकर 'प्रसाद'
245 _aअजातशत्रु /
_cजयशंकर 'प्रसाद'
260 _aनई दिल्ली
_bविश्व विजय
_c2009
270 _bनई दिल्ली
_aएम-12, कनाट सरकस
_e110001
_k91-011-23416313
300 _a88पृ.
_c22सेमी (अजिल्द)
650 _91169
650 _929580
700 _924599
700 _924924
942 _2ddc
_cHN
_mजयशं
_h822
999 _c54106
_d54106